00233nam a2200097Ia 4500008004100000100001800041245003200059260002800091300000800119650000800127191201s2015 xx 000 0 und d aGILBERT,David 0aRetail Marketing Management aN. DelhibPearsonc2015 a457 aBBA